|
|
|
|
| LEADER |
00000nab a2200000 a 4500 |
| 001 |
vtls011126345 |
| 003 |
SK-MaSNL |
| 005 |
20260303133306.0 |
| 008 |
230218|2005 xo |||||||||||||||||slo| |
| 015 |
|
|
|a SNBRB
|
| 035 |
|
|
|a (uuid)32080659-dc0d-4c0f-8fdc-6aefc30cb99a
|
| 035 |
|
|
|a (urnnbn)urn:nbn:sk:snk:ar-a09ek5
|
| 035 |
|
|
|a urn:nbn:sk:snk-aba3nz
|
| 040 |
|
|
|a SNKBUCL
|b slo
|c SNKBUCL
|e AACR2
|
| 041 |
0 |
|
|a slo
|
| 044 |
|
|
|a xo
|c SK
|
| 100 |
1 |
|
|a Žežula, Ivan,
|d 1959-
|4 aut
|9 206424
|
| 245 |
1 |
0 |
|a Data mining a metóda GUHA
|c Ivan Žežula
|
| 773 |
0 |
|
|t Forum statisticum Slovacum
|g Roč. 1, č. 2 (2005), s. 168-171
|
| 954 |
|
|
|a odborná, vedecká literatúra pôvodná (slovenská)
|2 lita
|
| 958 |
|
|
|a OND
|
| 958 |
|
|
|a EUIPO
|
| 958 |
|
|
|a article13
|
| 999 |
|
|
|c 1955921
|d 1957851
|